000 00681nam a2200217 i 4500
001 145852
003 ES-MaACL
005 20250808012059.0
007 t|
008 071017s1964 sp ||||1| spa d
100 1 _aVega, Daniel.
_9113540
245 1 3 _aLa religión ideal /
_cDaniel Vega ; prólogo Demetrio Mansilla.
260 _aMadrid :
_bStudium,
_c1964.
300 _a358 p. ;
_c19 cm.
490 1 _aColección para religiosas ;
_v11
650 1 7 _aVida monástica y religiosa femenina
_2embne
_9155560
700 1 _aMansilla Reoyo, Demetrio.
_976126
830 0 _aColección para religiosas ;
_v11
_9184429
852 _aES-MaACL
_jC-25709
999 _c145852
_d145852